000
00230nmm a2200085Ia 4500
008
220120s9999||||xx |||||||||||||||||und||
100
_a
Digit
245
0
_a
Giga smilies ; V1.1b / Lego digital designer, oopen ofice, o
260
_c
2008
999
_c
138596
_d
138596